Proverbios 1-9 : (Registro nro. 69515)
[ vista simple ]
| 000 -LÍDER | |
|---|---|
| Campo fijo de descripción fija | 01130nab a2200205 i 4500 |
| 001 - NÚMERO DE CONTROL | |
| Campo de control | 768714001 |
| 003 - IDENTIFICADOR DEL NÚMERO DE CONTROL | |
| Campo de control | CO-MdFUSB |
| 005 - FECHA Y HORA DE LA ULTIMA TRANSACCIÓN | |
| control field | 20240506122026.0 |
| 008 - ELEMENTOS DE LONGITUD FIJA -- INFORMACIÓN GENERAL | |
| Campo fijo de descripción fija -- Información general | 240503t1966 sp ||||| |||| 00| 0 spa d |
| 040 ## - FUENTE DE CATALOGACIÓN | |
| Idioma de catalogación | spa |
| Agencia que realiza la transcripción | CO-MdFUSB |
| Agencia que realiza la modificación | CO-MdFUSB |
| 041 ## - CÓDIGO DE IDIOMA | |
| Código de idioma para texto/pista de sonido o título separado | spa |
| 100 ## - ASIENTO PRINCIPAL--NOMBRE PERSONAL | |
| Nombre personal | Tournay, Raymond, |
| Término relacionador | autor |
| 245 1# - TÍTULO | |
| Título | Proverbios 1-9 : |
| Subtitulo | primera síntesis teológica de la tradición de los sabios |
| Mención de responsabilidad | / Raymond Tournay |
| 520 ## - NOTA DE RESUMEN, ETC. | |
| Nota de sumario, etc. | Proverbios 1-9, una apología del Yahvismo tradicional, representa una etapa importante en el desarrollo del pensamiento religioso hebreo. Quien compone el prefacio de Proverbios, extrae constantemente las antiguas Escrituras y las sitúa en una nueva perspectiva: la de la creación. Al combinar la antigua sabiduría del Pueblo elegido, se verifica por primera vez el genio religioso del judaísmo posexílico. |
| 650 #0 - ASIENTO SECUNDARIO DE MATERIA - TERMINO TEMÁTICO | |
| Término temático o nombre geográfico como elemento de entrada | Biblia |
| 9 (RLIN) | 16 |
| 653 ## - TÉRMINO DE INDIZACIÓN - NO CONTROLADO | |
| Término no controlado | Biblia. Proverbios |
| 773 0# - ASIENTO DE ITEM FUENTE | |
| Biblionumber | 49450 |
| Itemnumber | 82578 |
| Otro identificador del ítem | R2510 |
| Título | Revista internacional de teología Concilium |
| Número de control del registro | (CO-MdFUSB)8 |
| Número Internacional Normalizado para Publicaciones Seriadas (ISSN) | 0210-1041 |
| Parte(s) relacionada(s) / Volumen., número. (mes año), páginas | Número 20, (diciembre, 1966), páginas: 408 - 419 |
| Enumeración y primera página | página: 408 |
| 942 ## - TIPO DE MATERIAL (KOHA) | |
| Tipo de Item KOHA | Artículos de Revista |
| 945 ## - INFORMACIÓN LOCAL DEL REGISTRO | |
| Catalogador | Catherine - practicante SENA |
No hay ítems disponibles.
